ʋ Physicochemical principles o (Record no. 53482)

MARC details
000 -LEADER
fixed length control field 00400nam a2200157Ia 4500
008 - FIXED-LENGTH DATA ELEMENTS--GENERAL INFORMATION
fixed length control field 230917s9999||||xx |||||||||||||| ||und||
040 ## - CATALOGING SOURCE
-- 21449
Original cataloging agency VIVEKANANDA LIBRARY
041 ## - Language
-- English
082 ## - DDC NUMBER
Classification number 2BP 995.00615.
100 ## - MAIN ENTRY--PERSONAL NAME
Personal name f pharmacyFlorence, A
245 #0 - TITLE STATEMENT
Title ʋ Physicochemical principles o
250 ## - EDITION STATEMENT
Edition statement ood ed.
260 ## - PUBLICATION, DISTRIBUTION, ETC. (IMPRINT)
Place of publication, distribution, etc ,Davi
Name of publisher, distributor, etc d5thLondonPharmaceut
Date of publication, distribution, etc ical
300 ## - PHYSICAL DESCRIPTION
Pages Press201 p.
942 ## - ADDED ENTRY ELEMENTS (KOHA)
Koha item type Books
Holdings
Withdrawn status Lost status Damaged status Not for loan Location (home branch) Sublocation or collection (holding branch) Date acquired Koha issues (times borrowed) Koha full call number Accession No. Koha date last seen Koha item type
        VIVEKANANDA LIBRARY VIVEKANANDA LIBRARY 08/08/2002   2BP 995.00615. 122766 17/09/2023 Books
© Designed and Maintained by Vivekananda Library, MDU Rohtak